000 01256nam a22003617a 4500
003 CHAP
005 20220329135138.0
008 971013s1944 r 00010 d
010 _a31632
011 _a32604
035 _a36719
040 _cCHAP
090 _aTesis
100 0 0 _aNavarro Sámano, José.
_980600
245 _aDiseño de caída inclinada y consideraciones sobre los suelos y canales del Distrito de Riego de Arroyozarco, Méx.
260 _aChapingo, Méx. :
_bEl autor,
_c1944
300 _a73 h.
502 _aTesis (Ing. Agr. Esp. en Irrigación) -- ENA. Departamento de Irrigación
590 _aALEPH
_b10
_c20130110
_lUCH01
_h1254
590 _aBATCH-UPD
_b10
_c20130110
_lUCH01
_h1536
590 _aBATCH-UPD
_b10
_c20130409
_lUCH01
_h1951
590 _aBATCH-UPD
_b10
_c20130410
_lUCH01
_h0940
590 _aBATCH-UPD
_b10
_c20130914
_lUCH01
_h0831
590 _aCONVERSION
_b10
_c20130109
_lUCH01
_h1318
650 1 4 _aCanales.
_918255
650 1 4 _aDistrito de Riego Arroyozarco, Méx.
_932843
901 _aBK
942 _cFOLL
949 _bBC
_cTES
_d-84512
_eTS1
_i36719
_si
949 _bBC
_cTES
_d-84514
_eTS2
_fc.2
_i36719
_si
949 _bBC
_cTES
_d-84515
_eTS2
_fc.3
_i36719
_si
949 _bBC
_cTES
_d-84516
_eTS2
_fc.4
_i36719
_si
999 _c31632
_d31632